000 01188nam0a22002771 4500
001 rc\586734
005 20031121163102.8
010 _a5-85178-057-6
_920000
035 _a(NLR Aleph) 005833387
090 _a5603522
_c5603522
100 _a20031121d1998 u |0rusy50 ca
101 0 _arus
102 _aRU
105 _ay |||||||||
200 1 _aОтечественная история
_eУчеб. для студентов вузов
_f[Д. ист. н., проф. Ш.М. Мунчаев, д. ист. н., проф. В.М. Устинов, к. ист. н., доц. Ю.П. Кожаев и др.]
_gПод ред. проф. Ш.М. Мунчаева
210 _aМ.
_cКультура и спорт
_cИзд. об-ние "ЮНИТИ"
_d1998
215 _a412 с.
_d21
225 1 _aБиблиотека журнала "Закон и право"
300 _aНа обл. авт.: Ш.М. Мунчаев
320 _aБиблиогр.: с. 402-404, 409-411 и в подстроч. примеч.
701 1 _aМунчаев
_bШ. М.
_gШамиль Магомедович
801 0 _aRU
_bNLR
_gpsbo
801 1 _aRU
_bELAR
_2rusmarc
852 _aNLR
_j98-3/2700
942 _cBOOK
980 _aNB